000 00557nam a2200181Ia 4500
003 IN-BaIIA
008 211028s9999 xx 000 0 eng d
020 _a0-07-040641-3
040 _cIIA Library
080 _a517.949
_bMAR
100 _aMartin, Harold C.
_917064
245 0 _aIntroduction to finite element analysis
_cHarold C.Martin
260 _aNew York
_bMcGraw-Hill
_c1973
300 _axiii, 386p.
650 _aAstronomy and Astrophysics Thesaurus
650 _aFinite elements
_917065
942 _cBK
999 _c10089
_d10089